| 000 | 01279nam a22002417a 4500 | ||
|---|---|---|---|
| 999 |
_c57330 _d57330 |
||
| 003 | Ge_BSU | ||
| 005 | 20200521150643.0 | ||
| 008 | 200521s2017ge xxu||||| |||| 00| 0 geo d | ||
| 020 | _a9789941947896 | ||
| 041 | _ageo | ||
| 080 | _a347.472 ხ-39 | ||
| 100 |
_aხელთუფლიშვილი, დავით. _98153 |
||
| 245 |
_aჩუქების სამართლებრივი ბუნება : _b(შედარებით-სამართლებრივი ანალიზი) / _cდავით ხელთუფლიშვილი; ნინო პეპანაშვილი. |
||
| 264 |
_aთბილისი : _b ბონა კაუზა, _c2017. |
||
| 300 |
_a158 გვ. ; _c 20 სმ. |
||
| 440 |
_aიურისტის ბიბლიოთეკა _9137 |
||
| 504 | _aბიბლიოგრ. ტექსტის შენიშვნებში | ||
| 600 |
_aდავით ხელთუფლიშვილის ცხოვრება და მოღვაწეობა _98154 |
||
| 653 | _aჩუქების ხელშეკრულება. | ||
| 653 | _aსამართალი | ||
| 700 |
_aპეპანაშვილი, ნინო _98155 |
||
| 942 |
_2udc _cBK |
||